000 004860000a22001810004500
041 0 _aSPA
082 0 4 _aG 270.92 T157j
100 1 _aTamez, Elsa
245 1 0 _aJusticia de Dios : Vida para todos / Elsa Tamez
260 _aSan José, Costa Rica : SEBILA
300 _a121 Pag
650 1 4 _aJUSTIFICACION \ TEOLOGIA DE LA LIBERACION
001 4295
942 _cBK
999 _c34904
_d34904
336 _atexto
_btxt
_2rdacontent
337 _2rdamedia
_asin mediación
_bn
338 _2rdacarrier
_avolumen
_bnc